000 00397nam a2200157 i 4500
001 bg
245 0 _aPrecis de constrution mecanique.
_nT. 2,
_pMethodes fabrication et normalisation.
250 _aEd. 9.
260 _aParis,
_c1991.
650 9 _aMaszyny
_xbudowa i konstrukcje
040 _cBPK
041 _apol
080 _a621
942 _cKS
008 s pl f |000 0 pol
999 _c29862
_d29862
856 _uhttp://koha.tu.koszalin.pl/cgi-bin/koha/opac-detail.pl?biblionumber=29862
_yKatalog online BPK